| 000 | 02663nam a2200277 4500 | ||
|---|---|---|---|
| 001 | 113675 | ||
| 003 | DR-UNIBE | ||
| 005 | 20250604100322.0 | ||
| 008 | 250526b1984 dr ||||| |||| 00| 0 spa d | ||
| 040 |
_aBIBLIOTECA UNIBE _cBIBLIOTECA UNIBE _bspa _erda |
||
| 041 | _aspa | ||
| 082 |
_222 _aRD 972.93053 E79 1984 |
||
| 245 | 1 | 4 |
_aLos Estados Unidos y Trujillo : _bcolección de documentos del Departamento de Estado y de las Fuerzas Armadas norteamericanas : año 1947 / _cedición: Bernardo Vega ; edición al cuidado de Soledad Alvarez ; composición y diagramación: Ninón León de Saleme ; índice onomástico: José Alcántara Almánzar |
| 260 |
_aSanto Domingo : _bFundación Cultural Dominicana, _c1984 |
||
| 300 |
_a2 tomos : _bfotos en b/n : _c26 x 19 cm |
||
| 505 |
_aTomo I.
Introducción a los tomos correspondientes a 1946 (Lic. Bernardo Vega) |
Cronología de acontecimientos |
Algunos personajes mencionados en los documentos |
Fotografías de los personajes |
Análisis de la política norteamericana para América Latina y la República Dominicana en 1947 (Lic. Bernardo Vega) |
La estrategia de Trujillo para detener la expedición de Cayo Confites (Lic. Bernardo Vega) |
El papel de los veteranos de guerra norteamericanos en los conflictos del Caribe en 1947 (Lic. Bernardo Vega) |
La supuesta eficiencia de los servicios de inteligencia de Trujillo con relación a Cayo Confites (Lic. Bernardo Vega) |
Los complots de Trujillo contra Betancourt y Grau en 1946-7 (Lic. Bernardo Vega) |
Las armas brasileñas (Lic. Bernardo Vega) |
Apéndice: diarios y reportajes generales sobre Cayo Confites |
Índice de abreviaturas utilizadas |
Bibliografía sobre el tema de Cayo Confites |
Índice de los documentos norteamericanos correspondientes a 1947 |
Índice de los documentos dominicanos correspondientes a 1947 |
Reproducción de los documentos del año 1947.
Tomo II.
Reproducción de los documentos del año 1947 |
Índice onomástico _g |
||
| 651 | 7 |
_2lemb _a República Dominicana _xPolítica y gobierno _y 1844-1930 _vFuentes _9195900 |
|
| 651 | 7 |
_2lemb _a República Dominicana _xHistoria _y1930 -1961 _9193875 |
|
| 651 | 7 |
_2lemb _a Estados Unidos _xRelaciones exteriores _zRepública Dominicana _vFuentes _9195889 |
|
| 651 | 7 |
_2lemb _aRepública Dominicana _xRelaciones exteriores _zEstados Unidos _vFuentes _9195895 |
|
| 700 | 1 | 0 |
_aVega, Bernardo, _d1938- _91421 _eeditor |
| 700 | 1 | 0 |
_aÁlvarez, Soledad, _d1950- _928264 _ecuidado de la edición |
| 700 | 1 | 0 |
_aLeón de Saleme, Ninón _9144875 _ediagramación _ecomposición |
| 700 | 1 | 0 |
_aAlcántara Almánzar, José, _d1946- _94696 _eíndice onomástico |
| 942 |
_2ddc _cBK |
||
| 999 |
_c113675 _d113675 |
||